| 000 | 00000nam 2200000za 4500 |
| 001 | 9.842808 |
| 003 | CaOODSP |
| 005 | 20221107152414 |
| 007 | cr ||||||||||| |
| 008 | 170831s2017 oncd #o f000 0 eng d |
| 020 | |a978-0-660-09457-1 |
| 040 | |aCaOODSP|beng |
| 043 | |an-cn--- |
| 086 | 1 |aFA1-26/2017-1-4E-PDF |
| 110 | 1 |aCanada. |bOffice of the Auditor General. |
| 245 | 10|aDepartmental progress in implementing sustainable development strategies |h[electronic resource] : |bindependent auditor's report. |
| 246 | 17|aReports of the Commissioner of the Environment and Sustainable Development to the Parliament of Canada - Fall 2017 : |breport 4 |
| 260 | |a[Ottawa] : |bOffice of the Auditor General of Canada, |cc2017. |
| 300 | |aiii, 32 p. : |bcharts |
| 490 | 1 |aReports of the Commissioner of the Environment and Sustainable Development to the Parliament of Canada, |x2561-1801 ; |vFall 2017, report 4 |
| 500 | |aIssued also in French under title: Progrès réalisés par les ministères et organismes dans la mise en œuvre des stratégies de développement durable : rapport de l'auditeur indépendant. |
| 520 | |a"This audit focused on whether the departments and agencies we examined adequately applied the Cabinet Directive on the Environmental Assessment of Policy, Plan and Program Proposals; reported on the extent and results of their strategic environmental assessment practices; and met their commitments to strengthen these practices."--Focus of the audit, p. 4. |
| 530 | |aIssued also in printed form. |
| 692 | 07|2gccst|aFederal government |
| 692 | 07|2gccst|aSustainable development |
| 692 | 07|2gccst|aReports |
| 710 | 1 |aCanada. |bCommissioner of the Environment and Sustainable Development. |
| 775 | 08|tProgrès réalisés par les ministères et organismes dans la mise en œuvre des stratégies de développement durable |w(CaOODSP)9.842848 |
| 776 | 0#|tDepartmental progress in implementing sustainable development strategies |w(CaOODSP)9.842833 |
| 830 | #0|aReports of the Commissioner of the Environment and Sustainable Development to the Parliament of Canada,|x2561-1801 ; |vFall 2017, report 4.|w(CaOODSP)9.842750 |
| 856 | 40|qPDF|s527 KB|uhttps://publications.gc.ca/collections/collection_2017/bvg-oag/FA1-26-2017-1-4-eng.pdf |